000 00569nam a22001937a 4500
005 20171128150805.0
010 _aENG-121632
020 _a9789381234099
_c495.00
035 _aEN-105164
037 _bDBAD/PUB
082 _a954.083
100 _aArif Saeed
245 _aDevelopment planning in India /
_cby Arif Saeed
260 _aDelhi
_bAnkit Publications
_c2013
270 _aR-69, 3rd floor,Model Town-III
_bDelhi
_e110009
300 _a167p.
_c22cm(Hb)
500 _aIncludes bibliographical references
942 _2ddc
_cEN
_mARI
_h338.954
999 _c147786
_d147786